000 00635nam a2200229Ia 4500
003 OSt
005 20221007064821.0
006 a|||||r|||| 00| 0
007 ta
008 221006b |||||||| |||| 00| 0 eng d
024 _a12,298
037 _cTextual
040 _aFLL
_cFLL
_beng
041 _2eng
_aeng
082 _aV2,3:3.N7, M6
100 _aSharma P. Au.
_9686313
245 0 _aWorking of parliamentary democracy in india
260 _aDelhi
_bModern publishers and distributiors India
_c1986
300 _a264p
_ccm.
942 _hV2,3:3.N7, M6
_cTEXL
_2CC
999 _c1135432
_d1135432